Hỏi đáp về quyền và nghĩa vụ của lao động nữ

Gardado en:
Detalles Bibliográficos
Autor Principal: Võ Thành Vị
Formato: Libro
Idioma:Undetermined
Publicado: H. Phụ Nữ 2003
Những chủ đề:
Các nhãn: Engadir etiqueta
Sen Etiquetas, Sexa o primeiro en etiquetar este rexistro!
Thư viện lưu trữ: Trung tâm Học liệu Trường Đại học Cần Thơ
LEADER 00567nam a2200205Ia 4500
001 CTU_59390
008 210402s9999 xx 000 0 und d
020 |c 9000 
082 |a 344.59701 
082 |b V300 
100 |a Võ Thành Vị 
245 0 |a Hỏi đáp về quyền và nghĩa vụ của lao động nữ 
245 0 |c Võ Thành Vị 
260 |a H. 
260 |b Phụ Nữ 
260 |c 2003 
650 |a labor law and legislation 
650 |z vietnam 
904 |i Minh 
980 |a Trung tâm Học liệu Trường Đại học Cần Thơ